000 01027cab a2200277 4500
001 ##L133454
008 060509n2006 000 0 eng u
035 _a(Sirsi) u133454
041 0 _aeng
100 1 _aBarrett, Claer
245 0 0 _aProperty Week supplement
_bLondon
260 _c2006
490 0 _aProperty Week
_v71(18) 5 May 2006, (16) (LOAN)
520 _aLooks at the search for development partners to deliver London's £4bn Olympic legacy; retail in Oxford Street; the attraction of the silver screen to London's property stars; London's planning system; office development in Midtown's Hatton Garden, and large-space occupiers' plans to look beyond the West End to Noho.
590 _aIKA090506
650 2 4 _aLONDON
650 2 4 _aOXFORD STREET
650 2 4 _aMIDTOWN
650 2 4 _aWEST END OF LONDON
650 2 4 _aNOHO
690 _aPROPERTY-COMMERCIAL PROPERTY-COMMERCIAL PROPERTY MARKET
700 1 _aChesters, Laura
700 1 _aHipwell, Deirdre
700 1 _aStocks, Caroline
942 _n0
999 _c77017
_d77017